MDQL
is popping MORE tags! Check the
thread
!
Quizzes
Events
Quiz Creation
Community
Videos
Private Events
Remove Ads
Sign In
Join for FREE
Feedback
Dark Mode
Quiz Categories
Sports
Geography
Music
Movies
Television
Just For Fun
Miscellaneous
History
Literature
Language
Science
Gaming
Entertainment
Religion
Holiday
For Kids
Quiz Lab
Recent
Popular Today
Quiz Kudos Today
Editor Picks
Curator Picks
Quizzes by...
Day
Popularity
Type
Ratings
Length
Year
Community
Subscriptions
Recent Discussions
Orange Saloon
Badges
Playlists
Quests
Create
Leaderboards
Showdown
Live 5
Trivia Bingo
Activity
Puzzle Library
Sporcle Events
Private Events
Virtual Trivia
Globe League
Become a Host
Pub Owners
SporcleCon
Opinionation
Our Games
Videos
Blog
Mobile Apps
Partnerships
Remove Ads and Go Orange
Feedback
Music
Pop Music
The Beatles
Song
Album
Lyrics
Bands
Singers
Artist
Clip
Rock
Rap
Classical
Billboard
Country Music
Kpop
Taylor Swift
Music
Pop Music
The Beatles
Song
Album
Lyrics
Bands
Singers
Artist
Clip
Rock
Rap
Classical
Billboard
Country Music
Kpop
Taylor Swift
Random Quiz
Search Sporcle
×
Curator Pick
Curator Pick
Music
Song
Type in answers that appear in a list
Type in answers that appear in a list
Classic
Best Score? Go Orange.
SEVENTEEN Discography (December 2016) Stats
Can you name the SEVENTEEN songs as of December 2016?
By
kwonsoonyoung
15m
38 Questions
711 Plays
711 Plays
711 Plays
Comments
Comments
Give Quiz Kudos
Give Quiz Kudos
-
- Ratings
hide this ad
Replay
Link that replays current quiz
Next Quiz
Link to next quiz in quiz playlist
You Got
0%
They Got
Avg Score
76%
Avg Friend Score
Upgrade to see
Score Distribution
Jump to the score distribution portion of the page
Score
0/38
Timer
15:00
0
Plays Today
Hint
% Correct
17 CARAT
Adore U
97.3%
Love & Letter
Adore U
97%
Love & Letter
Monday to Saturday
94.8%
Going SEVENTEEN
BOOMBOOM
94.8%
Boys Be
Mansae
94.5%
Love & Letter
Pretty U
93%
Love & Letter Repackaged
Very Nice
89.7%
17 CARAT
Shining Diamond
89%
Love & Letter
Shining Diamond
88.9%
17 CARAT
20
85.4%
Going SEVENTEEN
HIGHLIGHT
84.2%
Love & Letter
Love Letter
83.5%
17 CARAT
Jam Jam
83%
Boys Be
Rock
79.6%
Love & Letter Repackaged
Healing
79.6%
Boys Be
Fronting
79.5%
17 CARAT
Ah Yeah
78.5%
Boys Be
OMG
77.6%
Collaborations/
Mixtapes
Q&A
77.6%
Hint
% Correct
Love & Letter
Chuck
76.7%
Going SEVENTEEN
BEAUTIFUL
75.5%
Collaborations/
Mixtapes
Check In
74.8%
Love & Letter Repackaged
NO F.U.N
74.7%
Love & Letter Repackaged
SIMPLE
72.6%
Going SEVENTEEN
Fast Pace
72%
Going SEVENTEEN
Laughter
72%
Love & Letter
Drift Away
71.6%
Love & Letter
Say Yes
70.2%
Boys Be
When I Grow Up
69.6%
Love & Letter
Popular Song
68.1%
Collaborations/
Mixtapes
Chocolate
68.1%
Love & Letter
Still Lonely
67.8%
Going SEVENTEEN
Lean On Me
66%
Going SEVENTEEN
I Don't Know
61.9%
Going SEVENTEEN
Don't Listen In Secret
60.8%
Love & Letter Repackaged
Can't See The End
57.9%
Collaborations/
Mixtapes
Lotto
46.3%
Collaborations/
Mixtapes
Sickness
27.9%
Quiz Playlist
Details
Report
Send in Message
Add To Playlist
Classic:
Type in answers that appear in a list
Last Updated: Feb 16, 2017
Curator Pick in
Song
Quiz Scoreboard
CHALLENGE
Sign Up to Join the Scoreboard
Show All
Scores
Hide
Comments
May contain spoilers
Recently Published
Colored Red Africa Blitz
by spor1
Geography
30s
Find the 'City' Movie
by crazypaving
Movies
60s
5x2 Blitz: Bands
by SL_Kpop136
Music
30s
More to Explore
Quiz From the Vault
Featured Blog Post
14 Easter Pick-up Lines to Find Eggs With
hide this ad
You Might Also Like...
Tags
Song Quiz
2016
December
Discography
Kpop Quiz
Seventeen
Today's Top Quizzes in Music
Browse Music
hide this ad
Today's Top Quizzes in Song
Browse Song
Top Contributed Quizzes in Music
1
5X2 Blitz: Bands II
2
Taylor Swift All Songs (2024)
3
Taylor Swift Logic Puzzle II
4
5X2 Blitz: The Beatles
5
5X2 Blitz: Billboard
6
Taylor Swift Logic Puzzle
7
5X2 Blitz: Billboard II
8
5X2 Blitz: Album
9
5X2 Blitz: Singers
10
Music Artist by Three 2010s hits
Explore More
Trending Topics
Anime
Crossword
Kpop
NBA
Harry Potter
Marvel
Disney
NFL
Soccer
Puzzle
Song
WWE
Country
Pokémon
The Office
hide this ad
More By:
kwonsoonyoung
Quiz
Plays
Rating
Category
Featured
Created
SEVENTEEN Discography (December 2016)
711
5.00
Music
Dec 28, 2016
Go to Creator's Profile
Score Distribution
Quiz Creator Spotlight
kwonsoonyoung
Follow
Send a Message
Quizzes Created
-
Created Quiz Play Count
-
More By This Creator
Popular Quizzes Today
1
Find the 'City' Movie
2
Colored Red Africa Blitz
3
Find the US States - No Outlines Minefield
4
5x2 Blitz: Bands
5
The Countries of the World
6
Find the US States
7
US States
8
9x9 Crossword: Cartoon Network
More Music Quizzes
◦ name the weki meki member
Quiz Lab
Trending Quizzes
Colored Red Europe Blitz I
Colored Red Africa Blitz II
Colored Red Europe Blitz II
Colored Red Africa Blitz III
Colored Red Europe Blitz III
Recently Updated
2024 March Madness Bracket
pecheneg
Famous TV Couples
Peacemaker
Champions League XIs: Real Madrid
pecheneg
Largest US Cities 1790-2010
pecheneg
Rides in Walt Disney World
pecheneg
Most Oscar Losses (Acting)
pecheneg
Beyoncé Albums
pecheneg
Leaping Animals
pecheneg
Reality TV Shows (A-Z)
bhenderson79
Rickey Henderson's Hall of Fame Teammates
pecheneg
Trending Topics
NBA
Harry Potter
Anime
Kpop
Marvel
Disney
Crossword
Song
Puzzle
NFL
Country
The Office
WWE
Pokémon
Soccer
Your Account Isn't Verified!
In order to create a playlist on Sporcle, you need to verify the email address you used during registration. Go to your
Sporcle Settings
to finish the process.
Report this User
Report this user for behavior that violates our
Community Guidelines
.
Details:
Send Report
Go to the Sporcle.com Mobile Site →
Comments